000 00751nam a2200193Ia 4500
003 GCL
008 140319s9999 xx 000 0 ara d
040 _aGCL /
_cGCL
082 0 4 _a823
_bب ف
100 1 _aبرغ، ستيفن
245 1 0 _aفى الثناء على ما يبقى (أثنان وعشرون من كتاب الرواية والشعر والمقالة) (هدية من الاديب عبدالفتاح الجمل) /
_cبرغ، ستيفن
700 1 _aرباح الركابى
700 1 _aموسى السودانى
490 _aسلسلة المائة كتاب
_v0
650 0 4 _aالقصص الانجليزية
650 0 4 _aالشعر الانجليزى
650 0 4 _aالادب الانجليزى المترجم
942 _2ddc
_cBK
999 _c39871
_d39871